| 000 | 06041nam a22005777a 4500 | ||
|---|---|---|---|
| 005 | 20111212122123.0 | ||
| 010 | _aB-468764-790 | ||
| 020 |
_a9788179932537 _c95.00 |
||
| 035 | _aB-468764-790 | ||
| 037 | _bBlueberry /Ven | ||
| 082 | _a591.564 | ||
| 100 |
_aAgarwal, Tanya Luther _950528 |
||
| 245 |
_aHabitats / _cby Tanya Luther Agarwal; edited by Anupama Jauthry; illustrated by Yatindra Kumar, Neeraj Ridlan [and] Vijay Nipane |
||
| 260 |
_aNew Delhi _bTERI Press _c2011 |
||
| 270 |
_aDrbari Seth Block, IHC Complex, Lodhi Road, _bNew Delhi _e110003 |
||
| 300 |
_a27p. _bill. _c24cm(pbk) |
||
| 490 |
_aWeird and wonderful; edited by Arshi Ahmad _950529 |
||
| 700 |
_a Jauthry, Anupama _936787 |
||
| 700 |
_aYatindra Kumar _936788 |
||
| 700 |
_aRidlan Neeraj _936789 |
||
| 700 |
_aNipane, Vijay _936790 |
||
| 942 |
_2ddc _cCH _mAGA _h591.564 |
||
| 999 |
_c59273 _d59273 |
||